1902 1546 1679 1542 1010 1490 1835 1154 1306 1630 1008 1235 1310 1024 1385 1609 1330 1341 1921 1513 1466 1653 1358 1803 1502 1734 1437 1320 1019 1053 1949 1692 1817 1288 1916 1670 1804 1682 1129 1827 1918 1142 1529 1101 1807 1953 1817 1035 1677 1371 1124 1975 1364 1090 1141 1125 1477 1412 1729 1555 1668 1292 1151 1117 1651 1421 1530 1703 1051 1387 1711 1250 1779 1194 1176 1044 1256 1328 1664 1236 1935 1088 1052 1358 1585 1295 1258 1484 1208 1545 1428 1228 1927 1092 1002 1904 1986 1402 1784 BCNSPRNW ULIB Ver.6.0+V

เปลี่ยนเป็นภาษาไทย

Change to English
 แสดงรายละเอียดบรรณานุกรม
  กลับหน้าหลัก

Brief Record : Get Marc (ISO 2709) : E-mail record : QR code < ปิดหน้าต่าง
LEADER : 00000nam 2200000uu 4500
001    13399124343
003     ULIB
008    150511s2552||||th 000 0 tha d
020    ^a9786167052618
099    ^aนว ว257อ
100    ^aวรรณวรรธน์
245    ^aอขิทโร ลูกปัดมนตรา เล่ม 1
250    ^aพิมพ์ครั้งที่ 3
260    ^aกรุงเทพฯ :^bณ บ้านวรรณกรรม กรุ๊ป,^c2552
300    ^a312 หน้า
650    ^aวรรณวรรธน์^xนิยาย
945    ^p240^l0^i039387
999    ^aเกษร โพธิ์สุวรรณ
รายการนี้ยังไม่มีแท็ก
คุณยังไม่ได้ล็อกอิน คุณสามารถมีกิจกรรมร่วมกับเว็บไซต์ได้ แต่ต้องล็อกอินก่อน ::
  ล็อกอิน

รายการสื่อสารสนเทศ

ลำดับที่ ประเภท เลขเรียก/บาร์โค้ด สถานที่ สถานะ
1. นวนิยาย
นวนิยาย
นว ว257อ ฉ.1 
  Barcode: 039387
ห้องสมุดวิทยาเขตสวรรค์ประชารักษ์
►นวนิยาย
บนชั้น
  ขอยืม

รายการใกล้เคียง
    ผู้แต่ง [วรรณวรรธน์]

BibComment


ยังไม่เคยถูกคอมเมนท์

คอมเมนท์ทรัพยากรรายการนี้
  คอมเมนท์: อขิทโร ลูกปัดมนต..


 Copyright 2026. Bcnsprnw @Library